[Event "Jatai Goiania-ch"]
[Site "Jatai"]
[Date "2021.06.06"]
[Round "5"]
[White "Santos, Wenesley da Luz"]
[Black "Evangelista, Fabio Soares"]
[Result "1-0"]
[WhiteElo "1768"]
[BlackElo "1019"]
[PlyCount "33"]
[EventDate "2021.06.04"]
[EventType "swiss"]
[EventRounds "6"]
[EventCountry "BRA"]
[SourceTitle "CBM 202 Extra"]
[Source "ChessBase"]
[SourceDate "2021.07.31"]
[SourceVersion "1"]
[SourceVersionDate "2021.07.31"]
[SourceQuality "1"]

1. d4 Nf6 2. Bf4 Nc6 3. e3 d6 4. Nf3 Bg4 5. c4 e6 6. Nc3 Be7 7. h3 Bf5 8. Nh4 Bg6 9. Nxg6 hxg6 10. Be2 d5 11. Qb3 b6 12. cxd5 Nxd5 13. Bb5 Qd7 14. Nxd5 exd5 15. Rc1 Bb4+ 16. Kf1 0-0 17. Bxc6 1-0

[Event "Jatai Goiania-ch"]
[Site "Jatai"]
[Date "2021.06.05"]
[Round "3"]
[White "Sales, Mario Seixas"]
[Black "Evangelista, Fabio Soares"]
[Result "1-0"]
[WhiteElo "1429"]
[BlackElo "1019"]
[PlyCount "49"]
[EventDate "2021.06.04"]
[EventType "swiss"]
[EventRounds "6"]
[EventCountry "BRA"]
[SourceTitle "CBM 202 Extra"]
[Source "ChessBase"]
[SourceDate "2021.07.31"]
[SourceVersion "1"]
[SourceVersionDate "2021.07.31"]
[SourceQuality "1"]

1. e4 c6 2. d4 d5 3. e5 Bf5 4. h4 h6 5. g4 Bh7 6. Ne2 e6 7. Ng3 c5 8. dxc5 Bxc5 9. c4 Nc6 10. Nc3 Nge7 11. Be2 Nxe5 12. Bf4 N5c6 13. Nb5 Bb4+ 14. Kf1 Nc8 15. Nc7+ Kf8 16. Nxa8 N8e7 17. Nc7 e5 18. Nxd5 Nxd5 19. Qxd5 Qxd5 20. cxd5 Nd4 21. Bxe5 Nxe2 22. Kxe2 Ke8 23. Bxg7 Rg8 24. Nh5 Kd7 25. Nf6+ 1-0

[Event "Goiania op"]
[Site "Goiania"]
[Date "2021.02.26"]
[Round "2"]
[White "Evangelista, Fabio Soares"]
[Black "Arruda Filho, Ivo Pereira de"]
[Result "0-1"]
[WhiteElo "1030"]
[BlackElo "1686"]
[PlyCount "34"]
[EventDate "2021.02.26"]
[EventType "swiss"]
[EventRounds "6"]
[EventCountry "BRA"]
[SourceTitle "EXT 2022"]
[Source "ChessBase"]
[SourceDate "2021.10.06"]
[SourceVersion "1"]
[SourceVersionDate "2021.10.06"]
[SourceQuality "1"]

1. d4 c6 2. c4 d5 3. e3 e6 4. cxd5 exd5 5. Nc3 Nf6 6. Nf3 Bd6 7. Be2 0-0 8. 0-0 Re8 9. a3 Nbd7 10. b4 Ne4 11. Nxe4 dxe4 12. Nd2 Qh4 13. h3 Nf6 14. f3 Qg3 15. fxe4 Bxh3 16. Bf3 Ng4 17. Qe2 Qh2# 0-1

[Event "Goiania FEXEG Cup"]
[Site "Goiania"]
[Date "2020.02.16"]
[Round "5"]
[White "Da Silva, Alexandre Gomes"]
[Black "Evangelista, Fabio Soares"]
[Result "0-1"]
[WhiteElo "1284"]
[BlackElo "1049"]
[PlyCount "102"]
[EventDate "2020.02.14"]
[EventType "swiss"]
[EventRounds "5"]
[EventCountry "BRA"]
[SourceTitle "CBM 195 Extra"]
[Source "ChessBase"]
[SourceDate "2020.05.31"]
[SourceVersion "1"]
[SourceVersionDate "2020.05.31"]
[SourceQuality "1"]

1. d4 Nf6 2. Nf3 d6 3. Bf4 g6 4. e3 Bg7 5. Bd3 0-0 6. Nbd2 Nbd7 7. 0-0 Re8 8. Nh4 e5 9. dxe5 dxe5 10. Bg5 h6 11. Bxf6 Nxf6 12. Ne4 b6 13. Nxf6+ Qxf6 14. Qf3 Rb8 15. Qxf6 Bxf6 16. Nf3 e4 17. Bb5 Re7 18. Nd2 Bxb2 19. Rab1 Bg7 20. Rb4 Bb7 21. Ra4 a5 22. Rd1 Rd8 23. Kf1 Re5 24. Be2 Bc6 25. Rc4 Rc5 26. Rxc5 bxc5 27. Nb3 Rxd1+ 28. Bxd1 Bb5+ 29. Be2 Bxe2+ 30. Kxe2 c4 31. Nxa5 c3 32. Nb3 f5 33. f3 exf3+ 34. Kxf3 Be5 35. h3 h5 36. h4 Kg7 37. a4 g5 38. hxg5 Kg6 39. Nd4 Kxg5 40. Ne6+ Kf6 41. Nxc7 Bxc7 42. g3 Kg5 43. Kg2 Kg4 44. Kf2 Bxg3+ 45. Kg2 Bc7 46. Kf2 h4 47. Kg2 h3+ 48. Kh1 Kf3 49. a5 Bxa5 50. Kh2 Kxe3 51. Kxh3 Kd2 0-1